TH-SOF-1552-IMPACT OF ACQUISITION ON EMPLOYEES ORGANIZATIONAL COMMITMENT, TURNOVER INTENTIONS AND INTERPERSONAL CONFLICTS (Record no. 576731)

000 -LEADER
fixed length control field 00424nam a22001217a 4500
082 ## - DEWEY DECIMAL CLASSIFICATION NUMBER
Classification number 200 THE
100 ## - MAIN ENTRY--PERSONAL NAME
Personal name FAHAD SALEEM
9 (RLIN) 69469
245 ## - TITLE STATEMENT
Title TH-SOF-1552-IMPACT OF ACQUISITION ON EMPLOYEES ORGANIZATIONAL COMMITMENT, TURNOVER INTENTIONS AND INTERPERSONAL CONFLICTS
260 ## - PUBLICATION, DISTRIBUTION, ETC.
Place of publication, distribution, etc. ISLAMABAD
Name of publisher, distributor, etc. NUST COLLEGE OF EME
Date of publication, distribution, etc. 2018
650 ## - SUBJECT ADDED ENTRY--TOPICAL TERM
Topical term or geographic name entry element MS-EM-9 MSTHESIS
9 (RLIN) 69389
700 ## - ADDED ENTRY--PERSONAL NAME
Personal name ADVISOR DR FAHEEM QAISAR JAMAL
9 (RLIN) 69470
942 ## - ADDED ENTRY ELEMENTS (KOHA)
Koha item type Computer Files
Holdings
Withdrawn status Lost status Damaged status Not for loan Collection code Permanent Location Current Location Shelving location Date acquired Total Checkouts Full call number Barcode Date last seen Price effective from Koha item type
          College of Electrical & Mechanical Engineering (CEME) College of Electrical & Mechanical Engineering (CEME) Reference 12/20/2019   200 THE TH-SOF-1552 06/28/2021 06/28/2021 Computer Files
© 2023 Central Library, National University of Sciences and Technology. All Rights Reserved.